000 00313nam a2200133Ia 4500
008 240624s9999 xx 000 0 und d
041 _aeng
082 _a658.4063 DRU
100 _aDRUCKER PETER
245 _aEFFECTIVE EXECUTIVE
260 _c2007
_aNew York
_bRoutledge
300 _a168 : p.
365 _cRS
_b30
999 _c22718
_d22718